Directors of the Highest Grossing Movies - Statistics

General Stats
  • This quiz has been taken 155 times
    92 since last reset
  • The average score is 15 of 39
Answer Stats
Number of Movies Director % Correct
3 James Cameron
99%
1 Steven Spielberg
88%
1 Christopher Nolan
83%
1 Peter Jackson
77%
3 Russo Brothers
74%
1 George Lucas
72%
2 J. J. Abrams
69%
1 Tim Burton
64%
1 Greta Gerwig
63%
2 Michael Bay
62%
1 Todd Phillips
54%
2 Joss Whedon
51%
1 Ryan Coogler
50%
1 Sam Mendes
49%
1 Jon Favreau
47%
1 Brad Bird
41%
1 Rian Johnson
41%
1 Gore Verbinski
37%
1 David Yates
35%
2 Jon Watts
35%
2 James Wan
33%
1 Guy Ritchie
29%
1 Shawn Levy
28%
1 Joseph Kosinski
24%
1 Gareth Edwards
23%
1 Shane Black
22%
1 Andrew Stanton
19%
2 Chris Buck & Jennifer Lee
19%
1 Lee Unkrich
19%
1 Colin Trevorrow
18%
1 J. A. Bayona
14%
1 F. Gary Gray
12%
1 Rob Marshall
12%
1 Josh Cooley
8%
1 Kelsey Mann
8%
2 Pierre Coffin & Kyle Balda
8%
1 Bill Condon
6%
1 Aaron Horvath & Michael Jelenic
4%
1 Anna Boden & Ryan Fleck
4%
No matching quizzes found
Score Distribution
Percent of People with Each Score
Percentile by Number Answered
Your Score History
You have not taken this quiz since the last reset